000 00339nam a2200145Ia 4500
008 150201s2011 xx 000 0 und d
082 _a617
_bM11G
100 _aGARLANI, A.K.
245 _aMANUAL OF CLINICAL SURGERY
250 _a1ST
260 _bCBS
_aDELHI
_c2011
300 _a1-667
650 _aGENERAL SURGERY
942 _2ddc
_cBK
_03
999 _c1381
_d1381